El secuestro
Đã lưu trong:
| Tác giả chính: | |
|---|---|
| Định dạng: | Sách |
| Ngôn ngữ: | Tiếng Tây Ban Nha |
| Được phát hành: |
Madrid
Guadarrama
1968
|
| Những chủ đề: | |
| Các nhãn: |
Thêm thẻ
Không có thẻ, Là người đầu tiên thẻ bản ghi này!
|
MARC
| LEADER | 00000nam a2200000 a 4500 | ||
|---|---|---|---|
| 001 | UCQ5680 | ||
| 003 | CL-VaPUC | ||
| 008 | 981002e19680000SP |||||||||||||||||spa|d | ||
| 082 | 0 | 4 | |a 863 |b ALB |2 21 |
| 100 | |a Albalá, Alfonso |e author |9 419713 | ||
| 245 | 1 | 3 | |a El secuestro |
| 300 | |a 264 p | ||
| 942 | |c BK | ||
| 945 | |d 19981002 00:00:00 |a crobeson | ||
| 260 | |a Madrid |b Guadarrama |c 1968 | ||
| 650 | 0 | |a Novelas españolas |9 265052 | |
| 650 | 0 | |a Literatura española |9 306261 | |
| 583 | |a last modification |c 19981002 00:00:00 |k Rodrigo Vera | ||
| 999 | |c 275885 |d 275883 | ||
| 952 | |0 0 |1 0 |4 0 |6 863_000000000000000_ALB_1968 |7 0 |8 A |9 312744 |a BIBEDU |b BIBEDU |d 2019-11-20 |i 1475894 |o 863 ALB 1968 |p 1475894 |r 2019-11-20 |w 2019-11-20 |y BK |k LIT | ||